000 00847cam a2200265 i 4500
999 _c32197
_d32197
001 32197
003 Mx-PuUPA
005 20200929131531.0
008 140415s1979 sp r 000 0 spa d
020 _a8471290685
040 _aMX-PuUPA
_bspa
_erda
_cMx-PuUPA
_dMx-PuUPA
041 0 _aspa
100 1 _aThomas,
_cà Kempis,
_d1380-1471.
_eautor
245 1 0 _aImitación de Cristo /
_cTomás Hemerkem de Kempis ; versión de León E. Sansegundo.
250 _a11a. edición
264 1 _aBarcelona, España :
_bEditorial Regina,
_c1979
300 _a735 páginas ;
_c10 cm.
336 _atexto
_2rdacontent
_btxt
337 _asin medio
_2rdamedia
_bn
338 _avolumen
_2rdacarrier
_bnc
650 4 _aMeditaciones
700 1 _aSansegundo, León E.,
_etraductor
942 _2ddc
_cLI
_h242
_iK35